Κατάλογος Βιβλιοθηκών Mediterranean College

Essential Quantitative Methods / For Business, Management and Finance: Fifth Edition (Record no. 2989)

MARC details
000 -LEADER
fixed length control field 01462cam a22002054a 4500
005 - ΗΜΕΡΟΜΗΝΙΑ ΚΑΙ ΩΡΑ ΤΕΛΕΥΤΑΙΑΣ ΕΝΗΜΕΡΩΣΗΣ
Πεδίο ελέγχου 20250605164100.0
008 - FIXED-LENGTH DATA ELEMENTS--GENERAL INFORMATION
Πεδίο ελέγχου σταθερού μήκους 250528s ||||||||||||||||||||||||d
035 ## - SYSTEM CONTROL NUMBER
System control number 17585
020 ## - ISBN
ISBN 9780230302662
040 ## - ΠΗΓΗ ΚΑΤΑΛΟΓΟΓΡΑΦΗΣΗΣ
Φορέας πρωτότυπης καταλογογράφησης MC Athens Campus Library
Γλώσσα καταλογογράφησης Ελληνικά, Μοντέρνα (1453-)
Modifying agency MC Athens Campus Library
Κανόνες περιγραφικής καταλογογράφησης AACR2
245 1# - ΤΙΤΛΟΣ ΚΑΙ ΔΗΛΩΣΗ ΥΠΕΥΘΥΝΟΤΗΤΑΣ
Τίτλος Essential Quantitative Methods / For Business, Management and Finance: Fifth Edition
250 ## - EDITION STATEMENT
Edition statement 5th
260 ## - PUBLICATION, DISTRIBUTION, ETC.
Name of publisher, distributor, etc. Palgrave Macmillan,
Date of publication, distribution, etc. 2012
300 ## - PHYSICAL DESCRIPTION
Extent 482
520 ## - SUMMARY, ETC.
Summary, etc. Quantitative techniques are fundamental to the correct interpretation of commercial reality, and can aid practical business decision-making and problem-solving. Acknowledgements, Mathematical Applications, Revision Mathematics, Keeping Up With Change: Index Numbers, Collecting and Interpreting Data, Collecting Data: Surveys and Samples, Finding Patterns in Data: Charts and Tables, Making Sense of Data: Averages and Measures of Spread, Probability and Statistics, Taking a Chance: Probability, The Shape of Data: Probability Distributions, Interpreting with Confidence: Analysis of Sample Data, Checking Ideas: Testing a Hypothesis, Cause and Effect: Correlation and Regression, Decision-Making Techniques, How to Make Good Decisions, Choosing Wisely: Investment Appraisal, Forecasting: Time Series Analysis, Making the Most of Things: Linear Programming, Planning Large Projects: Network Analysis, Bibliography, Index.
700 1# - ΠΡΟΣΘΕΤΗ ΑΝΑΓΡΑΦΗ--ΦΥΣΙΚΟ ΠΡΟΣΩΠΟ
Personal name Oakshott Les
9 (RLIN) 3753
942 ## - ADDED ENTRY ELEMENTS (KOHA)
Koha item type Books
Holdings
Τύπος τεκμηρίου Βιβλιοθήκη Τρέχουσα τοποθεσία Barcode Αριθμός εισαγωγής Ημερομηνία απόκτησης Ταξιθετικό σύμβολο Αριθμός αντιτύπου Κατάσταση απόσυρσης Κατάσταση χαμένου Κατάσταση κατεστραμμένου Μη δανεισμός Σύνολο δανεισμών Ημερομηνία τελευταίας εμφάνισης Η τιμή ισχύει από
Books MC Athens Campus Library MC Athens Campus Library 9780000029881 5816 05/06/2025 650.01/513 OAK 1           05/06/2025 05/06/2025

MC Athens Campus Library
Πατησίων 94 & Κοδριγκτώνος 13, 104 34
Πελλήνης 8 & Πατησίων 107, 112 51
Τ: +30 210 8899600

MC Thessaloniki Campus Library
Ίωνος Δραγούμη 21, 54625 | Ίωνος Δραγούμη 15, 54625
Τ: +30 2310 287779 – Τ: +30 2314 440300